| 000 | 01139nam a2200325I 4500 | ||
|---|---|---|---|
| 001 | 74984 | ||
| 003 | BD-RjUL | ||
| 005 | 20211209082630.0 | ||
| 008 | 190104s1956 th 000 0 eng d | ||
| 035 | _aMITb10395527 | ||
| 035 | _a(OCoLC)05534178 | ||
| 035 | _aGLIS00395527 | ||
| 035 | _a(BD-RjUL)75202 | ||
| 040 |
_aNSA _cNSA _dm.c. _dRCD _dBD-RjUL _beng |
||
| 041 | _aeng | ||
| 049 | _aRCDA | ||
| 082 |
_223 _a551.48 _bUNG 1956 |
||
| 090 |
_aTC405 _b.U58 no.10 |
||
| 099 | _aTC405.U58 no.10 | ||
| 110 | 2 |
_aUnited Nations. _bEconomic Commission for Asia and the Far East. _9226604 |
|
| 245 | 1 | 0 |
_aGlossary of hydrologic terms used in Asia and the Far East / _cUnited Nations, Economic Commission for Asia and the Far East. |
| 260 |
_aBangkok : _bUnited Nations Dept. of Economic Affairs, _c1956. |
||
| 300 |
_aiv, 38 p.; _c29 cm. |
||
| 490 | 1 | _aIts Flood control series, no. 10 | |
| 500 | _a[United Nations. Document] ST/ECAFE/Ser. F/10. | ||
| 500 | _a"United Nations publication sales no.: 1956.11.F.7." | ||
| 650 | 0 |
_aHydrology _vTerminology. _9226605 |
|
| 830 | 0 |
_aFlood control series ; _vno. 10. _9134452 |
|
| 942 |
_2ddc _cBK |
||
| 999 |
_c74984 _d74984 |
||